000 00280nam a2200121Ia 4500
008 191201s2019 xx 000 0 und d
100 _aKUMARI, Naveen
245 0 _aData Communication and Networks
260 _bKatson
300 _a325
650 _aB.Tech(CSE)
942 _2ddc
_cBK
999 _c6864
_d6864